Truyện hậu cung

Đã lưu trong:
書目詳細資料
主要作者: HƯỚNG TƯ
格式: 圖書
語言:Undetermined
出版: VHTT 2002
標簽: 添加標簽
沒有標簽, 成為第一個標記此記錄!
Thư viện lưu trữ: Trung tâm Học liệu Trường Đại học Cần Thơ
LEADER 00409nam a2200145Ia 4500
001 CTU_48733
008 210402s9999 xx 000 0 und d
082 |a 895.13081 
082 |b H561 
100 |a HƯỚNG TƯ 
245 0 |a Truyện hậu cung 
245 0 |c HƯỚNG TƯ, Tạ Ngọc Ái ...[et al.] 
260 |b VHTT 
260 |c 2002 
980 |a Trung tâm Học liệu Trường Đại học Cần Thơ